Just the Way You Are - Bruno Mars (All Lyrics) - Statistics

General Stats
  • This quiz has been taken 611 times
    609 since last reset
  • The average score is 253 of 293
Answer Stats
Lyrics % Correct
a
99%
the
99%
I
98%
you
98%
just
97%
way
97%
are
96%
way
96%
and
95%
your
95%
her
94%
her,
94%
amazing
93%
eyes,
93%
eyes
93%
when
93%
oh,
92%
see
92%
'cause
91%
face
91%
not
91%
you're
91%
she
90%
so
90%
so,
90%
beautiful
89%
day
89%
every
89%
hair,
89%
hair
89%
then
89%
change
88%
that
88%
look
87%
smile
87%
tell
86%
would
86%
for
85%
thing
85%
world
85%
like
84%
there's
84%
whole
84%
know,
83%
know
83%
girl,
82%
girl
82%
make
82%
she's
82%
while
82%
me
81%
me,
81%
stops
81%
ask
80%
shining
79%
to
79%
"do
78%
say
78%
stars
78%
they're
76%
it's
75%
trying
75%
what
75%
stares
74%
if
73%
okay?"
73%
okay
73%
perfectly
73%
without
72%
yeah,
72%
yeah
72%
falls
69%
never
68%
don't
66%
lips,
66%
lips
66%
time
66%
won't
64%
all
63%
believe
63%
i'll
63%
asks
62%
but
62%
kiss
62%
think
62%
i'd
60%
them
59%
could
58%
stay
56%
compliment
55%
let
55%
sexy
55%
same
54%
sad
53%
laugh,
52%
laugh
52%
searching
48%
asking
46%
hates,
46%
perfect's
46%
she'd
46%
even
44%
bother
39%
No matching quizzes found
Score Distribution
Percent of People with Each Score
Percentile by Number Answered
Your Score History
You have not taken this quiz since the last reset